000 01215cam a22002054a 4500
005 20250605163928.0
008 250528s ||||||||||||||||||||||||d
035 _a14597
020 _a7777750
040 _aGR-AtMCL
_bgre
_dGR-AtMCL
_eAACR2
245 1 _aExperimental Psychology / : Understanding Psychological Research
260 _bRand Mcnally College Publishing Company,
_c1978
300 _a524
520 _aPreface, Fundamental Concepts, Explanation in Science and Psychology, Research Techniques: Observation and Correlation, Research Techniques: Experiments, How to Read a Journal Article: Self-Defence for Students, Experimental Psychology: A Historical Sketch, Chapter Organization: A Guide to the Rest of the Book, Principles and Practices, Conditioning, Applications of Learning Theory: Methodology Outside the Laboratory, Psychophysics, Perception, Attention and Reaction Time, Memory, Thinking and Problem Solving, Individual Differences, Social Influence, Environmental Psychology, Statistical Reasoning: An Introduction, Credits, Glossary, Name and Subject Index.
700 1 _aKantowitz Barry H
_952
700 1 _aRoediger Henry L
_953
942 _cBK
999 _c221
_d221